<?xml version="1.0" encoding="UTF-8"?>
<collection xmlns="http://www.loc.gov/MARC21/slim">
    <record>
        <controlfield tag="001">66853</controlfield>
        <controlfield tag="005">20180223094706.0</controlfield>
        <datafield tag="037" ind1=" " ind2=" ">
            <subfield code="a">GDOC-2016-27732</subfield>
        </datafield>
        <datafield tag="041" ind1=" " ind2=" ">
            <subfield code="a">spa</subfield>
        </datafield>
        <datafield tag="100" ind1=" " ind2=" ">
            <subfield code="0">(orcid)0000-0001-5609-602X</subfield>
            <subfield code="1">386390</subfield>
            <subfield code="a">Cóndor López, Vicente</subfield>
        </datafield>
        <datafield tag="245" ind1="0" ind2="0">
            <subfield code="9">27732</subfield>
            <subfield code="a">Contabilidad para juristas</subfield>
        </datafield>
        <datafield tag="260" ind1=" " ind2=" ">
            <subfield code="a">Zaragoza</subfield>
            <subfield code="b">Universidad de Zaragoza</subfield>
            <subfield code="c">2016-2017</subfield>
        </datafield>
        <datafield tag="520" ind1=" " ind2=" ">
            <subfield code="a">
La capacidad para conocer e interpretar la información financiera de las sociedades es una necesidad ineludible para cualquier profesional que desarrolle su actividad en torno a las actividad económica. La contabilidad financiera es un sistema de información que desempeña un papel crucial en el proceso de toma de decisiones en cualquier ámbito de la actividad económica. Sin embargo, en el contexto del Grado de Derecho de la UZ y de esta asignatura de 3 créditos ECTS, los conocimientos en materia contable deben circunscribirse a un planteamiento de usuario de perfil jurídico; por lo tanto no es el objetivo de esta asignatura conocer las técnicas de elaboración de la información contable y financiera, sino conocer los conceptos necesarios para poder interpretar dicha información.</subfield>
            <subfield code="b"> </subfield>
        </datafield>
        <datafield tag="521" ind1=" " ind2=" ">
            <subfield code="9">132</subfield>
            <subfield code="a">Derecho</subfield>
        </datafield>
        <datafield tag="540" ind1=" " ind2=" ">
            <subfield code="a">by-nc-sa</subfield>
            <subfield code="b">Creative Commons</subfield>
            <subfield code="c">3.0</subfield>
            <subfield code="u">http://creativecommons.org/licenses/by-nc-sa/3.0/</subfield>
        </datafield>
        <datafield tag="700" ind1=" " ind2=" ">
            <subfield code="0">(orcid)0000-0003-4315-0642</subfield>
            <subfield code="1">417708</subfield>
            <subfield code="a">Martín Vallespín, Emilio</subfield>
        </datafield>
        <datafield tag="830" ind1=" " ind2=" ">
            <subfield code="9">421</subfield>
        </datafield>
        <datafield tag="856" ind1="4" ind2=" ">
            <subfield code="s">6235</subfield>
            <subfield code="u">http://zaguan.unizar.es/record/66853/files/guia-27732-en.pdf</subfield>
            <subfield code="y">Guide (english)</subfield>
        </datafield>
        <datafield tag="856" ind1="4" ind2=" ">
            <subfield code="s">7949</subfield>
            <subfield code="u">http://zaguan.unizar.es/record/66853/files/guia-27732-es.pdf</subfield>
            <subfield code="y">Guía (idioma español)</subfield>
        </datafield>
        <datafield tag="970" ind1=" " ind2=" ">
            <subfield code="a">GDOC-2016-27732</subfield>
        </datafield>
        <datafield tag="980" ind1=" " ind2=" ">
            <subfield code="a">GDOC</subfield>
            <subfield code="b">Ciencias sociales y jurídicas</subfield>
            <subfield code="c">102</subfield>
        </datafield>
    </record>

    
</collection>